Dates de l'histoire romaine - Statistiques

Statistiques générales
  • Ce quiz a été pris 46 fois
  • Le résultat moyen est 9 sur 15
Statistiques - réponses
Question Réponse % Correct
Chute de l'Empire romain : 476
88%
Assassinat de Jules César à la Curie : 15 mars - 44
86%
Siège d'Alésia : - 52
84%
Fondation mythique de Rome par Romulus : - 753
84%
Début du règne d'Auguste : - 27
74%
Début de la 1ère Guerre Punique : - 264
67%
Début du règne de Néron : 54
67%
Bataille d'Actium - 31
65%
Achèvement de la construction du Colisée : - 80
53%
Début du règne de Commode : 180
49%
Incendie de Rome (sous Néron) : 64
42%
Début du règne de Marc Aurèle : 161
35%
Achèvement des thermes de Caracalla : 216
26%
Fin de la construction du mur d'Hadrien : 127
16%
Viol présumé de Lucrèce : - 502
14%
Aucun quiz correspondant
Distribution des résultats
% des personnes avec chaque résultat
Percentile par nombre de réponses
Votre historique - résultats
Vous n’avez pas pris ce quiz